| 000 | 00477nab a2200145Ia 4500 | ||
|---|---|---|---|
| 003 | ES-SlBCS | ||
| 005 | 20210601125231.0 | ||
| 008 | 140529s1973 xxu||||| |||| 00| 0 eng d | ||
| 041 | _aeng | ||
| 100 | 1 |
_aWeitz, Morris _9155765 |
|
| 245 | 0 | 4 |
_aThe Grounds of Sense: The Philosophy of Everett J. Nelson _c Morris Weitz |
| 600 | 1 |
_aFilosofía-Nelson, Everett J. _9155766 |
|
| 773 | 0 |
_tPhilosophy and Phenomenological Research _gvol. 33, 1973, págs. 455-471 _wRev1411 |
|
| 942 | _cAR | ||
| 999 |
_c526963 _d526963 |
||